Psychologie čtenáře

Bibliographic Details
Main Author: Frey, Jaroslav, 1902-1983 (Author)
Format: Book
Language:Czech
PhysicalDescription:137 s.
Published: V Hodoníně F. Landgráf 1929

MARC

LEADER 00000nam a2200000 a 4500
001 vtls001394453
003 SK-MaSNL
005 20260301115902.0
008 240315s1929 xr 0 cze
035 |a SNK000348787 
040 |a SNK  |b slo  |c SNK  |e AACR2 
100 1 |a Frey, Jaroslav,  |d 1902-1983  |4 aut  |9 113672 
245 1 |a Psychologie čtenáře 
260 |a V Hodoníně  |b F. Landgráf  |c 1929 
300 |a 137 s. 
562 |a Ex libris Jozef Repčák  |5 SVKPO ; R 462 
999 |c 723936  |d 725866 
952 |t P60, <04>, [BOOK], {604}  |a SNK  |b SNK  |y VYP  |7 0  |p 17A0248461  |o snkIC 66  |0 0  |1 0  |4 0  |d 2000-08-14  |l 0  |r 2005-01-02 00:00:00  |w 2026-02-23